000 00560nam a2200181Ia 4500
005 20250508165013.0
008 008 250505s9999 xx 000 0 eng d
037 _aReference
040 _aFEDL
_beng
_cFEDL
041 _aeng
_2eng
084 _a370.7, NCT/RR
_qFEDL
245 0 _aEvaluation in elementary teacher education
245 0 _cNATIONAL COUNCIL FOR TEACHER EDUCATION
260 _aNew Delhi, India
_bNational Council for Teacher Education
_c2007
300 _av,91p.
942 _cREF
_h370.7, NCT/RR
999 _c1392597
_d1392597